Diagnóstico de las alcantarillas en el primer tramode la Ruta Nacioanl No. 1, Autopista General Cañas, y el análisis hidráulico para los puntos críticos
Guardado en:
| Hovedforfatter: | |
|---|---|
| Format: | Bog |
| Sprog: | Spanish |
| Udgivet: |
[San José], Costa Rica
2015
|
| Fag: | |
| Tags: |
Tilføj Tag
Ingen Tags, Vær først til at tagge denne postø!
|
MARC
| LEADER | 00000nam a22000007a 4500 | ||
|---|---|---|---|
| 003 | 012129 | ||
| 005 | 20221231143905.0 | ||
| 008 | 150407b xxu||||| |||| 00| 0 spa d | ||
| 040 | |c cru CEDI | ||
| 090 | |a TFG 7295 | ||
| 100 | |9 702 |a Martínez Esquivel, Mauricio José | ||
| 245 | |a Diagnóstico de las alcantarillas en el primer tramode la Ruta Nacioanl No. 1, Autopista General Cañas, y el análisis hidráulico para los puntos críticos | ||
| 260 | |a [San José], Costa Rica |c 2015 | ||
| 500 | |a Proyecto de graduación (licenciatura en ingeniería civil)--Universidad de Costa Rica. Facultad de Ingeniería. Escuela de Ingeniería Civil, | ||
| 650 | |x ALCANTARILLAS |x AUTOPISTA GENERAL CAÑAS (COSTA RICA) |x RIO BERMUDEZ (COSTA RICA) |x RIO QUEBRADA SECA (COSTA RICA) |x HIDRAULICA |x HIDROLOGIA |9 703 | ||
| 942 | |c TFG | ||
| 999 | |c 13810 |d 13810 | ||
